书目信息 |
| 题名: |
没有我们的世界
|
|
| 作者: | 韦斯曼 著 ;刘泗翰 译 | |
| 分册: | ||
| 出版信息: | 重庆 重庆出版社 2018.04 |
|
| 页数: | 279页 | |
| 开本: | 23cm | |
| 丛书名: | ||
| 单 册: | ||
| 中图分类: | X24-49 | |
| 科图分类: | ||
| 主题词: | 人类活动影响--环境--普及读物 | |
| 电子资源: | ||
| ISBN: | 978-7-229-12840-1 | |
| 000 | 01299nam0 2200265 450 | |
| 001 | 4573 | |
| 005 | 20181012132551.99 | |
| 010 | @a978-7-229-12840-1@dCNY49.80 | |
| 100 | @a20180714d2018 em y0chiy50 ea | |
| 101 | 1 | @achi@eeng@ceng |
| 102 | @aCN@b500000 | |
| 105 | @ay z 000yy | |
| 200 | 1 | @a没有我们的世界@9mei you wo men de shi jie@e如果人类消失,世界将会怎样?@dThe world without us@ewhat happens to the earth when human beings disappear?@f(美)艾伦·韦斯曼(Alan Weisman)著@g刘泗翰译@zeng |
| 210 | @a重庆@c重庆出版社@d2018.04 | |
| 215 | @a279页@d23cm | |
| 305 | @a由台湾木马文化事业股份有限公司授权出版 | |
| 330 | @a本书从人类生命退出地球的假设入手,科学想象全球多个典型地区将发生的人文和生态变化,并加入历史学和社会学阐释,探讨了人类对大自然的影响以及自然本身的力量,从而反省了人类自诞生以来对地球和大自然发展的积极和消极的影响,启发读者探索人类未来的出路。 | |
| 510 | 1 | @aWorld without us@ewhat happens to the earth when human beings disappear?@zeng |
| 517 | 1 | @a如果人类消失,世界将会怎样?@9ru guo ren lei xiao shi , shi jie jiang hui zen yang ? |
| 606 | 0 | @a人类活动影响@x环境@j普及读物 |
| 690 | @aX24-49@v5 | |
| 701 | 0 | @c(美)@a韦斯曼@9wei si man@c(Weisman, Alan)@4著 |
| 702 | 0 | @a刘泗翰@9liu si han@4译 |
| 801 | 0 | @aCN@b91MARC@c20180714 |
| 905 | @aMuseLib@dX24-49@e255 | |
| 没有我们的世界:如果人类消失,世界将会怎样?=The world without us:what happens to the earth when human beings disappear?/(美)艾伦·韦斯曼(Alan Weisman)著/刘泗翰译.-重庆:重庆出版社,2018.04 |
| 279页;23cm |
| ISBN 978-7-229-12840-1:CNY49.80 |
| 本书从人类生命退出地球的假设入手,科学想象全球多个典型地区将发生的人文和生态变化,并加入历史学和社会学阐释,探讨了人类对大自然的影响以及自然本身的力量,从而反省了人类自诞生以来对地球和大自然发展的积极和消极的影响,启发读者探索人类未来的出路。 |
| ● |
| 相关链接 |
|
|
|
|
正题名:没有我们的世界
索取号:X24-49/255
 
预约/预借
| 序号 | 登录号 | 条形码 | 馆藏地/架位号 | 状态 | 备注 |
| 1 | 1125781 | 211257815 | 第二样本阅览室/ [索取号:X24-49/255] | 在馆 | |
| 2 | 1125782 | 211257824 | 第三借阅区/ [索取号:X24-49/255] | 在馆 | |
| 3 | 1125783 | 211257833 | 第三借阅区/ [索取号:X24-49/255] | 在馆 | |
| 4 | 1125784 | 211257842 | 第三借阅区/ [索取号:X24-49/255] | 在馆 | |
| 5 | 1125785 | 211257851 | 密集书库-资源管理系/ [索取号:X24-49/255] | 在馆 |